| 000 | 00414nam a2200157 i 4500 | ||
|---|---|---|---|
| 001 | 71558 | ||
| 003 | ES-MaACL | ||
| 005 | 20230906171149.0 | ||
| 007 | t| | ||
| 008 | 040812s1933 fr ||||1| fre d | ||
| 100 | 1 |
_aGentizon, Paul. _956364 |
|
| 245 | 1 | 0 |
_aRome sous le faiscean / _cPaul Gentizon. |
| 260 |
_aParĂs : _b[s.n., _c1933] ( _fFirmin Didot) |
||
| 300 |
_a240 p. ; _c19 cm. |
||
| 852 |
_aES-MaACL _jB-12864 |
||
| 999 |
_c71558 _d71558 |
||